000 00603nam a2200205 a 4500
001 BRCA_2939
005 20190320204033.0
008 161208s1944----mx-a---###---#000-0#spa-u
050 4 _aF2223
_b.F73 1944
100 1 _aFrank, Waldo
_98176
245 1 0 _aViaje por Suramerica
_cWaldo Frank ; tr. española de Leon Felipe.
260 _aMéxico
_bCuadernos Americanos
_c1944
300 _a444 p.
_bil.
_c22 cm.
440 0 _aCuadernos Americanos
_n6
_98177
500 _aB63
651 4 _aAmerica del Sur
_xDescripción y viajes
_98178
700 1 _aLeon Felipe
_etr
_98179
902 _aGFM
942 _2lcc
_cB
999 _c2678
_d2678